000 00481nam a2200193Ia 4500
008 101110s9999 xx 000 0 und d
041 _aMARATHI
082 _bSR2336
_a380.03
100 _aBhopatkar G. Krushna
245 _aVyapar Paribhashik Shabda Kosh
365 _b6
520 _aCommerce
546 _aMARATHI
630 _aVyapar Paribhashik Shabda Kosh
650 _aCommerce
655 _aCommerce
730 _aVyapar Paribhashik Shabda Kosh
942 _cBOOK
999 _c799124
_d799121